Statistics for Green Bay Packers: Most Passing TDs Each Year

Click here to take the quiz!

General Stats

  • This quiz has been taken 61 times
  • The average score is 48 of 88

Answer Stats

Year Player TDs % Correct
2008Aaron Rodgers28
98%
1992Brett Favre18
98%
1957Bart Starr8
96%
1988Don Majkowski9
56%
1976Lynn Dickey7
47%
1973Jerry Tagge / Scott Hunter / Jim Del Gaizo2
16%
1950Tobin Rote / Paul Christman7
16%
1951Tobin Rote15
16%
1952Babe Parilli / Tobin Rote13
16%
1971Scott Hunter7
16%
1969Don Horn11
13%
1986Randy Wright17
13%
1978David Whitehurst10
13%
1974John Hadl3
13%
1932Arnie Herber9
13%
1958Babe Parilli10
13%
1933Arnie Herber / Bob Monnett3
13%
1991Mike Tomczak11
11%
1959Lamar McHan8
9%
1949Jug Girard4
9%
1947Jack Jacobs16
9%
1940Cecil Isbell8
9%
1946Irv Comp / Tony Canadeo / Herm Rohrig / Bob Forte1
7%
1944Irv Comp12
7%
1943Tony Canadeo9
7%
1937Bob Monnett8
7%

Score Distribution

Percentile by Number Answered

Percent of People with Each Score

Your Score History

You have not taken this quiz